000 00436nam a2200169Ia 4500
003 GCL
008 140319s9999 xx 000 0 eng d
040 _aGCL /
_cGCL
082 0 4 _a611.0185
_bB B
100 1 _aBAIN, BARBARA J.
245 1 0 _aBLOOD CELLS: A PRACTICAL GUIDE /
_cBAIN, BARBARA J.
260 _a[S.N] :
_bBLACKWELL SCIENCE ،
_c1995
300 _a326P
650 0 4 _aBLOOD
650 0 4 _aMEDICAL SCIENCE
942 _2ddc
_cBK
999 _c11608
_d11608